| 000 | 00439nam a22001697a 4500 | ||
|---|---|---|---|
| 003 | NUST - PNEC | ||
| 005 | 20170116181142.0 | ||
| 008 | 151008b xxu||||| |||| 00| 0 eng d | ||
| 020 | _a0750625295 | ||
| 040 | _cLIBRARY | ||
| 082 | _a623.81 TUP | ||
| 100 |
_914744 _aTupper, E. C. |
||
| 245 |
_aIntroduction to naval architecture. _cE. C.Tupper |
||
| 250 | _a3rd ed | ||
| 650 |
_914746 _aNaval architecture _xMS COMM |
||
| 942 |
_2ddc _cBK |
||
| 999 |
_c70535 _d70535 |
||